000 00474nam a22001337a 4500
005 20241112162201.0
008 241112b |||||||| |||| 00| 0 eng d
020 _a9781405780131
245 _aThe All England Law Reports 2013 Vol. 3
_cEditor, Widdicombe, Solicitor (Non-practising). Managing Editor;Rajani Rakesh, Barrister
260 _aLondon, United Kingdom
_bLexisNexis
_c2013
300 _axxi, 1022 pages
_c23.5 cm
650 _2Law Reports
_xEngland
942 _2lcc
_cBK
_n0
999 _c1089
_d1089